000 00536nam a2200169Ia 4500
999 _c53121
_d53121
003 GCL
005 20240530105108.0
008 140319s9999 xx 000 0 ara d
040 _aGCL /
_cGCL
082 0 4 _a027.7
_bس م
100 1 _aسعيد احمد حسن
245 1 0 _aالمكتبة الجامعية: نشاتها, تطورها, اهدافها, وظائفها /
_cسعيد احمد حسن
260 _a[S.N] :
_bدار الجيل ،
_c1992
300 _a167
650 0 4 _aالمكتبات الجامعية
942 _2ddc
_cBK